00587nam a2200181 i 450000100060000000300090000600500170001500700030003200800410003510000220007624501570009826000390025530000260029470000190032070000180033970000160035785200320037368096ES-MaACL20230906170214.0t|040610s1959 xxu ||||1| eng d1 aGantmacher, F. R.10aAplications of the theory of matrices / cby F.R. Gantmacher ; translated and revised by J.L. Brenner with the assistance of D.W. Bushaw and S. Evanusa. aNew York, etc. : bWiley, c[1959] aIX, 317 p. ; c24 cm.1 aBrenner, J. L.1 aBushaw, D. W.1 aEvanusa, S. aES-MaACLjC-56339 bR.88990